التلفيق بين المذاهب وأثره في الفقه الإسلامي /bcمحمد فاضل مصطفى
Saved in:
| Main Author: | |
|---|---|
| Other Authors: | |
| Format: | Thesis |
| Language: | Arabic |
| Published: |
Kuala Lumpur :
Kulliyyat Ma'arif al-Wahy wa al-'Ulum al-Insaniyah, International Islamic University Malaysia,
1998
|
| Subjects: | |
| Tags: |
Add Tag
No Tags, Be the first to tag this record!
|
| LEADER | 017520000a22003490004500 | ||
|---|---|---|---|
| 001 | 485179 | ||
| 005 | 20100325143300.0 | ||
| 008 | 110412t1998 my g m 000 0 ara d | ||
| 035 | |a (Sirsi) 485179 | ||
| 040 | |a UIAM |b eng | ||
| 041 | |a ara | ||
| 050 | |a BP144.4 | ||
| 100 | 0 | |a Muhammad Fadzhil bin Mustafa | |
| 242 | 1 | 3 | |a al-Talfiq bayna al-madhahib wa atharuhu fi al-fiqh al-Islami |
| 245 | 1 | 2 | |a التلفيق بين المذاهب وأثره في الفقه الإسلامي /bcمحمد فاضل مصطفى |
| 260 | |a Kuala Lumpur : |b Kulliyyat Ma'arif al-Wahy wa al-'Ulum al-Insaniyah, International Islamic University Malaysia, |c 1998 | ||
| 300 | |a [vi], 123 leaves ; |c 30 cm. | ||
| 500 | |a Abstracts in English and Arabic. | ||
| 500 | |a "Bahth takmili muqaddam li-takmil mutatallabat al-majistir fi 'Ulum al-Wahy wa-al-Turath (al-Fiqh wa Usul al-Fiqh)." -- On t.p. | ||
| 502 | |a Thesis (MIRK)--International Islamic University Malaysia, 1998. | ||
| 504 | |a Includes bibliographical references (leaves 116-123). | ||
| 596 | |a 1 | ||
| 650 | 0 | |a Islamic law |x Interpretation and construction | |
| 650 | 0 | |a Islamic sects | |
| 655 | 0 | 7 | |a Theses, IIUM local |
| 690 | |a Dissertations, Academic |x Department of Fiqh and Usul al-Fiqh |z IIUM | ||
| 700 | 0 | |a محمد فاضل مصطفى | |
| 710 | 2 | |a International Islamic University Malaysia. |b Department of Fiqh and Usul al-Fiqh | |
| 900 | |a naw-mz-his | ||
| 999 | |c 432705 |d 464623 | ||
| 952 | |0 0 |6 T BP 144.4 M9521T 1998 |7 0 |8 THESES |9 755727 |a IIUM |b IIUM |c MULTIMEDIA |g 0.00 |o t BP 144.4 M9521T 1998 |p 00011275195 |r 2017-10-17 |t 2 |v 0.00 |y THESIS | ||
| 952 | |0 0 |6 LU T BP 144.4 M9521T 1998 |7 0 |8 THESES |9 756429 |a IIUM |b IIUM |c CLOSEACCES |g 0.00 |o lu t BP 144.4 M9521T 1998 |p 00011161876 |r 2017-10-17 |t 1 |v 0.00 |y THESIS | ||
